North American Emirates airline destinations - Statistics

General Stats
  • This quiz has been taken 10 times
  • The average score is 13 of 15
Answer Stats
Answer % Correct
Boston
100%
Chicago
100%
Dallas
100%
Houston
100%
Los Angeles
100%
New York City
100%
Seattle
100%
Miami
90%
Washington D.C.
90%
Montreal
80%
Orlando
80%
San Francisco
80%
Toronto
80%
Newark
70%
Mexico City
50%
No matching quizzes found
Score Distribution
Percent of People with Each Score
Percentile by Number Answered
Your Score History
You have not taken this quiz